[Event "VIE-ch U07"]
[Site "Ho Chi Minh City"]
[Date "2014.07.15"]
[Round "4"]
[White "Nguyen, Thong Dat"]
[Black "Vu, Cao Minh"]
[Result "1-0"]
[WhiteElo "1410"]
[BlackElo "1383"]
[PlyCount "80"]
[EventDate "2014.07.13"]
[EventType "swiss"]
[EventRounds "9"]
[EventCountry "VIE"]
[SourceTitle "EXT 2016"]
[Source "ChessBase"]
[SourceDate "2015.10.08"]
[SourceVersion "1"]
[SourceVersionDate "2015.10.08"]
[SourceQuality "1"]

1. d4 Nf6 2. g3 g6 3. Bg2 Bg7 4. Nf3 0-0 5. 0-0 d6 6. Re1 c6 7. e4 Bg4 8. Nc3 Nbd7 9. h3 Bxf3 10. Qxf3 e5 11. dxe5 Nxe5 12. Qd1 Nc4 13. Qe2 Nb6 14. Bf4 Nh5 15. Bd2 a5 16. g4 Nf6 17. Rad1 Nfd7 18. Bf4 Be5 19. Bxe5 Nxe5 20. f4 Nec4 21. b3 Na3 22. e5 d5 23. Ne4 f5 24. exf6 a4 25. Nc5 Qxf6 26. bxa4 Ra5 27. Nxb7 Rxa4 28. g5 Qxf4 29. Nc5 Nxc2 30. Nxa4 Nxe1 31. Nxb6 Nxg2 32. Qxg2 Qe3+ 33. Kh1 Qxb6 34. Qe2 c5 35. a4 Qc6 36. Kg1 Qxa4 37. Qe6+ Kg7 38. Qe5+ Kg8 39. Qxd5+ Kg7 40. Qe5+ Kg8 1-0